Unit Circle - Statistics

General Stats
  • This quiz has been taken 152 times
  • The average score is 22 of 48
Answers on the Map
Answers color-coded by a green-red scale on the quiz's map according to % correct below.
 
Answer Stats
Answer % Correct
65%
(0, -1)
56%
30°
56%
(0, 1)
54%
(1, 0)
54%
180°
54%
45°
54%
60°
54%
90°
54%
(-1, 0)
52%
120°
52%
135°
52%
150°
52%
210°
52%
225°
52%
270°
52%
300°
52%
315°
52%
330°
52%
π/2
50%
240°
50%
π
48%
0
48%
(1/2, √3/2)
46%
(√2/2, √2/2)
46%
(-√2/2, √2/2)
46%
π/4
46%
π/3
44%
π/6
44%
11π/6
42%
(-√2/2, -√2/2)
42%
(√2/2, -√2/2)
42%
(√3/2, -1/2)
40%
3π/4
40%
2π/3
38%
3π/2
38%
(√3/2, 1/2)
38%
(-1/2, -√3/2)
37%
(-√3/2, 1/2)
37%
7π/4
37%
(-1/2, √3/2)
35%
(1/2, -√3/2)
35%
5π/6
35%
5π/3
33%
(-√3/2, -1/2)
31%
4π/3
29%
5π/4
27%
7π/6
27%
No matching quizzes found
Score Distribution
Percent of People with Each Score
Percentile by Number Answered
Your Score History
You have not taken this quiz